| 000 | 00508pab a2200181 454500 | ||
|---|---|---|---|
| 008 | 180718b2007 xxu||||| |||| 00| 0 eng d | ||
| 100 | _aDowney, John | ||
| 245 | _aGlobal capital, local resistance? Trade unions, national newspapers and the symbolic contestation of `offshoring' in the UK | ||
| 260 | _c2007 | ||
| 300 | _ap.651-73. | ||
| 362 | _aSep | ||
| 650 | _aTrade unions | ||
| 650 | _aGlobalization | ||
| 700 | _aFenton, Natalie | ||
| 773 | _aCurrent Sociology | ||
| 908 | _aN | ||
| 909 | _a76686 | ||
| 999 |
_c76686 _d76686 |
||